00915 2200313 4500001002100000005001500021035002000036007000300056008004100059040001700100100002000117245013600137250001000273300003900283504002500322020002200347041000800369082000800377084001400385090001900399260003600418650001500454850001000469990002500479990002500504990002500529990002500554990002200579INLIS00000000000230620260603081526 a0010-0220000157ta260603 0  aSBPUPADbind0 aBunafit Nugroho1 aMembuat Aplikasi e-learning dengan PHP-MySQL dan Dreamweaver :bSistem Informasi Pembelajaran Siswa Berbasis Web /cBunafit Nugroho aCet.1 ax, 405 hlm. :bilus. ;c23 cme2CD abibliografi, hlm 407 a978-602-6948-88-50 aind a004 a004 BUN m a004 BUN m T1-1 aYogyakarta :bGava Media,c2017 4aKarya Umum aPUPAD a31.104/APBD/DPK/2019 a31.103/APBD/DPK/2019 a31.102/APBD/DPK/2019 a31.101/APBD/DPK/2019 a28.848/B/DPK/2018